[Event "CAN-ch U08"]
[Site "Windsor"]
[Date "2015.07.09"]
[Round "7.128"]
[White "Srinivas, Atharva"]
[Black "Hertz, Denman"]
[Result "1-0"]
[WhiteElo "817"]
[BlackElo "680"]
[PlyCount "29"]
[EventDate "2015.07.06"]
[EventType "swiss"]
[EventRounds "7"]
[EventCountry "CAN"]
[SourceTitle "EXT 2022"]
[Source "ChessBase"]
[SourceDate "2021.10.06"]
[SourceVersion "1"]
[SourceVersionDate "2021.10.06"]
[SourceQuality "1"]

1. e4 e5 2. Nf3 Nc6 3. Nc3 Bc5 4. Bb5 d6 5. d3 h6 6. h3 Nf6 7. 0-0 0-0 8. Nh4 a6 9. Bxc6 bxc6 10. Qf3 Nh7 11. Qg3 Re8 12. Bxh6 g6 13. Nxg6 Re6 14. Nxe5+ Kh8 15. Qg7# 1-0

[Event "CAN-ch U08"]
[Site "Windsor"]
[Date "2015.07.08"]
[Round "4.130"]
[White "Hertz, Denman"]
[Black "Wang, Daniel1111"]
[Result "1/2-1/2"]
[WhiteElo "680"]
[BlackElo "890"]
[PlyCount "70"]
[EventDate "2015.07.06"]
[EventType "swiss"]
[EventRounds "7"]
[EventCountry "CAN"]
[SourceTitle "EXT 2022"]
[Source "ChessBase"]
[SourceDate "2021.10.06"]
[SourceVersion "1"]
[SourceVersionDate "2021.10.06"]
[SourceQuality "1"]

1. e4 e5 2. Nf3 Nc6 3. Bc4 Bc5 4. 0-0 Nf6 5. Nc3 0-0 6. d3 d6 7. Bg5 Bg4 8. h3 Bh5 9. Nd5 Nd4 10. g4 Bg6 11. Nxd4 Bxd4 12. Nxf6+ gxf6 13. Bh4 c6 14. Qf3 d5 15. Bxf6 dxe4 16. dxe4 Bxe4 17. Qxe4 Qxf6 18. Bd3 Qg5 19. Qf3 Qg7 20. h4 Kh8 21. h5 Rg8 22. Bf5 h6 23. c3 Bb6 24. Kh1 Rae8 25. Rg1 Qg5 26. Qg3 Qf4 27. Qxf4 exf4 28. Rgf1 Re2 29. Rad1 Rxf2 30. Rxf2 Bxf2 31. Rd7 f3 32. Rxf7 Rb8 33. Rf6 Kg7 34. Rg6+ Kf7 35. Be6+ Ke7 1/2-1/2

[Event "CAN-ch U08"]
[Site "Windsor"]
[Date "2015.07.07"]
[Round "3.123"]
[White "Ning, Eric"]
[Black "Hertz, Denman"]
[Result "1-0"]
[WhiteElo "1288"]
[BlackElo "680"]
[PlyCount "89"]
[EventDate "2015.07.06"]
[EventType "swiss"]
[EventRounds "7"]
[EventCountry "CAN"]
[SourceTitle "EXT 2022"]
[Source "ChessBase"]
[SourceDate "2021.10.06"]
[SourceVersion "1"]
[SourceVersionDate "2021.10.06"]
[SourceQuality "1"]

1. d4 d5 2. c4 e6 3. Nc3 Nf6 4. Bg5 Nbd7 5. e3 c6 6. Nf3 Qa5 7. Bxf6 Nxf6 8. cxd5 cxd5 9. Bb5+ Bd7 10. Bxd7+ Nxd7 11. 0-0 Bd6 12. Qb3 b6 13. Nb5 Bb8 14. Rac1 0-0 15. a3 Qa6 16. Qd3 Qa4 17. Ng5 Nf6 18. Nc3 Qd7 19. e4 dxe4 20. Ncxe4 Nxe4 21. Qxe4 f5 22. Qxe6+ Qxe6 23. Nxe6 Re8 24. d5 Be5 25. b3 Bb2 26. Rb1 Bxa3 27. Nc7 Bd6 28. Nxa8 Rxa8 29. Rbd1 Re8 30. Rfe1 Rf8 31. Kf1 Bxh2 32. g3 f4 33. Kg2 Bxg3 34. fxg3 f3+ 35. Kf2 h5 36. Rd3 g5 37. Rxf3 Rxf3+ 38. Kxf3 g4+ 39. Ke4 Kf7 40. Kf5 Kf8 41. Rc1 Kg8 42. d6 Kh8 43. Kg6 Kg8 44. d7 Kh8 45. Rc8# 1-0